000 00473pab a2200157 454500
008 180718b1988 xxu||||| |||| 00| 0 eng d
100 _aHood, Chruistopher
245 _aBureaucracies in retrenchment
_bVulnerability theory and the case of U.K. central government departments 1975-85
260 _c1988
300 _a275-312
362 _aNov.
650 _aBureaucracy - U.K.
700 _aAndrew Dunsiro Meg Huby
773 _aAdministration and Society
909 _a5012
999 _c5012
_d5012